000
00331nam a2200145Ia 4500
100
_a
Marajhe/ S.
650
_a
Electrical Engineering
942
_c
BK
654
_a
circuits
245
_a
understanding commercial radio circuits
260
_b
S.Marathe
_a
Bombay
_c
1981
082
_a
621.384
300
_a
130
546
_a
ENGLISH
999
_c
33641
_d
33641